| 000 | 01269cam a2200265 4500 | ||
|---|---|---|---|
| 001 | WB@3612-403 | ||
| 008 | 040707n2004 000 0 eng u | ||
| 035 | _a(Sirsi) u126721 | ||
| 245 | _aCouncils fail on recycling land | ||
| 260 | _c2004 | ||
| 490 |
_aRegeneration and Renewal _v 2 July 2004, 10(1) |
||
| 520 | _aLocal councils and developers are under-performing in recycling vacant and underused land for new homes, according to research by the Campaign to Protect Rural England (CPRE). Government's PPG3: Housing, stated that by 2008, 60% of new homes should be provided by building on recycled land. Nationally this target has already been achieved with 66% of councils on target. In its analysis of government's latest "Land use change statistics", CPRE named councils that achieved below average results. Milton Keynes only achieved 19% and Telford and Wrekin managed 24%. "PPG3 - what progress four years on?" is available at http://www.cpre.org.uk. | ||
| 590 | _aWB | ||
| 590 | _aWB | ||
| 650 | _aLOCAL COUNCILS | ||
| 650 | _aDEVELOPERS | ||
| 650 | _aRECYCLED LAND | ||
| 650 | _aPERFORMANCE TARGETS | ||
| 650 | _aPPG3 | ||
| 650 | _aDENSITY | ||
| 650 | _aNEW HOMES | ||
| 650 | _aRANKINGS | ||
| 690 | _aHOUSING-DEVELOPMENT | ||
| 942 | _n0 | ||
| 999 |
_c117658 _d117658 |
||